| 000 | 00606nam a2200181Ia 4500 | ||
|---|---|---|---|
| 003 | GCL | ||
| 008 | 140319s9999 xx 000 0 ara d | ||
| 040 |
_aGCL / _cGCL |
||
| 082 | 0 | 4 |
_a547 _bس ا |
| 100 | 1 | _aسمير احسان ماردينى | |
| 245 | 1 | 0 |
_aاخطار المواد الكيميائية الوقاية - اعراض الاصابة الاسعافات الاولية / _cسمير احسان ماردينى |
| 490 | _a | ||
| 650 | 0 | 4 | _aالكيمياء |
| 650 | 0 | 4 | _aالكيمياء العضوية |
| 650 | 0 | 4 | _aالكيمياء الحيوية |
| 650 | 0 | 4 | _aالمواد |
| 942 |
_2ddc _cBK |
||
| 999 |
_c38507 _d38507 |
||